<?xml version="1.0" encoding="UTF-8"?>
<record
    xmlns:xsi="http://www.w3.org/2001/XMLSchema-instance"
    xsi:schemaLocation="http://www.loc.gov/MARC21/slim http://www.loc.gov/standards/marcxml/schema/MARC21slim.xsd"
    xmlns="http://www.loc.gov/MARC21/slim">

  <leader>00742nam a2200229Ia 4500</leader>
  <controlfield tag="001">5413</controlfield>
  <controlfield tag="003">GE_BSU</controlfield>
  <controlfield tag="008">181216s||||||||xx |||||||||||||| ||und||</controlfield>
  <datafield tag="040" ind1=" " ind2=" ">
    <subfield code="c">GE_BSU</subfield>
  </datafield>
  <datafield tag="080" ind1=" " ind2=" ">
    <subfield code="a">510</subfield>
  </datafield>
  <datafield tag="100" ind1=" " ind2=" ">
    <subfield code="a">&#x414;&#x43E;&#x440;&#x444; &#x41F;.&#x42F;., &#x420;&#x443;&#x43C;&#x435;&#x440; &#x410;.&#x41E;</subfield>
  </datafield>
  <datafield tag="245" ind1=" " ind2=" ">
    <subfield code="a">&#x418;&#x437;&#x43C;&#x435;&#x440;&#x435;&#x43D;&#x438;&#x44F; &#x43D;&#x430; &#x43C;&#x435;&#x441;&#x442;&#x43D;&#x43E;&#x441;&#x442;&#x438;.</subfield>
  </datafield>
  <datafield tag="245" ind1=" " ind2=" ">
    <subfield code="b">&#x43F;&#x435;&#x440;&#x435;&#x440;&#x438; &#x434;&#x43E;&#x43F;.  &#x410;&#x43A;&#x430;&#x434;.  &#x43F;&#x435;&#x434;&#x430;&#x433;&#x43E;&#x433;. &#x43D;&#x430;&#x443;&#x43A; &#x420;&#x424;&#x421;&#x420;. &#x418;&#x43D;-&#x443;&#x442;  &#x43C;&#x435;&#x442;&#x43E;&#x434;&#x43E;&#x432; &#x43E;&#x431;&#x443;&#x447;&#x435;&#x43D;&#x438;&#x44F;</subfield>
  </datafield>
  <datafield tag="250" ind1=" " ind2=" ">
    <subfield code="a">&#x438;&#x437;&#x434;. 2-&#x43E;&#x435;,</subfield>
  </datafield>
  <datafield tag="260" ind1=" " ind2=" ">
    <subfield code="a">&#x41C;&#x43E;&#x441;&#x43A;&#x432;&#x430;</subfield>
  </datafield>
  <datafield tag="260" ind1=" " ind2=" ">
    <subfield code="b">&#x410;&#x43A;&#x430;&#x434;.   &#x43F;&#x435;&#x434;. &#x43D;&#x430;&#x443;&#x43A; &#x420;&#x424;&#x421;&#x420;</subfield>
  </datafield>
  <datafield tag="260" ind1=" " ind2=" ">
    <subfield code="c">1957</subfield>
  </datafield>
  <datafield tag="300" ind1=" " ind2=" ">
    <subfield code="a">430 &#x441;.22&#x441;&#x43C;.</subfield>
  </datafield>
  <datafield tag="300" ind1=" " ind2=" ">
    <subfield code="e">(&#x41F;&#x435;&#x434;&#x430;&#x433;&#x43E;&#x433;&#x438;&#x447;&#x435;&#x441;&#x430;&#x44F;  &#x411;&#x438;&#x431;-&#x43A;&#x430; &#x443;&#x447;&#x438;&#x442;&#x435;&#x43B;&#x44F;</subfield>
  </datafield>
  <datafield tag="653" ind1=" " ind2=" ">
    <subfield code="a">&#x418;&#x437;&#x43C;&#x435;&#x440;&#x435;&#x43D;&#x438;&#x44F; &#x43D;&#x430; &#x43C;&#x435;&#x441;&#x442;&#x43D;&#x43E;&#x441;&#x442;&#x438;.</subfield>
  </datafield>
  <datafield tag="942" ind1=" " ind2=" ">
    <subfield code="c">BK</subfield>
  </datafield>
  <datafield tag="999" ind1=" " ind2=" ">
    <subfield code="c">38961</subfield>
    <subfield code="d">38961</subfield>
  </datafield>
  <datafield tag="952" ind1=" " ind2=" ">
    <subfield code="0">0</subfield>
    <subfield code="1">0</subfield>
    <subfield code="4">0</subfield>
    <subfield code="7">0</subfield>
    <subfield code="9">41455</subfield>
    <subfield code="d">2018-12-17</subfield>
    <subfield code="p">16131</subfield>
    <subfield code="r">2018-12-17</subfield>
    <subfield code="w">2018-12-17</subfield>
    <subfield code="y">BK</subfield>
  </datafield>
</record>
